=LDR 00000nam 2200000 4500 =001 INLIS000000001053186 =005 20241213082930 =035 ##$$a 0010-1224000084 =007 ta =008 241213################g##########0#ind## =020 ##$$a 978-623-913-20-1-9 =082 ##$$a 354.103 =084 ##$$a 354.103 DIR l =245 ##$$a Lensa satu tahun Indonesia di dewan keamanan PBB 2019 =260 ##$$a Jakarta :$b Direktorat Jenderal Kerja Sama Multilateral Kemenlu RI,$c 2019 =300 ##$$a 197 hlm : $b ilus ; $c 27,5 x 20 cm =650 #4$$a Perserikatan Bangsa-bangsa =990 ##$$a 3202402577 =990 ##$$a 3202402577